| 000 | 00872nam a2200277 i 4500 | ||
|---|---|---|---|
| 001 | 000016555 | ||
| 003 | DO-SdBNP | ||
| 005 | 20250910143825.0 | ||
| 007 | ta | ||
| 008 | 240527 1977 dr 000 0 spa d | ||
| 040 |
_aDO-SdBNP _bspa _cBNPHU _erda |
||
| 041 | _aspa | ||
| 082 | 4 |
_axxx _bxxx _222 |
|
| 100 | 1 |
_a Silié Gatón, José A., _d1920-2014 _eautor _4aut. _9747 |
|
| 245 | 1 | 0 |
_aEtica profesional/ _cJosé A. Silie Gatón ; prólogo, Víctor Meliton Rodríguez R. |
| 250 | _aTercera edición | ||
| 264 | 1 |
_aSanto Domingo : _bEdiciones JASG,, _c1977. |
|
| 300 |
_a225 páginas ; _c21 cm. |
||
| 336 |
_atexto _btxt _2rdacontent |
||
| 337 |
_asin mediación _bn _2rdamedia |
||
| 338 |
_avolumen _bnc _2rdacarrier |
||
| 590 | _aInventariado, 2025/BT | ||
| 700 | 1 |
_aRodríguez R., Víctor Meliton, _eprologuista _4pr. _96975 |
|
| 910 | _aBtavárez | ||
| 942 |
_2ddc _cLBS1 |
||
| 999 |
_c56757 _d56757 |
||